[Event "Catalunya-ch U14"]
[Site "Sabadell"]
[Date "2010.01.23"]
[Round "2"]
[White "Diaz Camallonga, Carles"]
[Black "Carro Bonet, Alex"]
[Result "1-0"]
[WhiteElo "2027"]
[BlackElo "1798"]
[PlyCount "83"]
[EventDate "2010.01.16"]
[EventType "swiss"]
[EventRounds "6"]
[EventCountry "ESP"]
[SourceTitle "EXT 2024"]
[Source "ChessBase"]
[SourceDate "2023.10.10"]
[SourceVersion "1"]
[SourceVersionDate "2023.10.10"]
[SourceQuality "1"]

1. e4 c5 2. Nf3 e6 3. d4 cxd4 4. Nxd4 a6 5. c4 Qc7 6. a3 Nf6 7. Nc3 Be7 8. Be2 0-0 9. 0-0 Nc6 10. Be3 Ne5 11. Rc1 b6 12. f4 Nc6 13. Kh1 Bb7 14. Bf3 Bc5 15. b4 Bxd4 16. Bxd4 Qxf4 17. Bxb6 Ne5 18. Bc7 Rac8 19. Qd6 Nfg4 20. Bxg4 Qxg4 21. Qxe5 f5 22. Qg3 Qxg3 23. Bxg3 Rxc4 24. exf5 exf5 25. Na4 Rd4 26. Nc5 Bc6 27. Rcd1 Rxd1 28. Rxd1 Rc8 29. Kg1 d5 30. Kf2 a5 31. Rb1 Re8 32. b5 Ba8 33. b6 Rc8 34. Bd6 Rc6 35. b7 Bxb7 36. Nxb7 Rc2+ 37. Kf1 d4 38. Nxa5 d3 39. Bb4 d2 40. Nb3 Rc1+ 41. Rxc1 dxc1Q+ 42. Nxc1 1-0